• 首页
  • 本馆介绍
  • 公告通知
  • 最新文献
  • 馆藏检索
  • 电子资源
  • 读者导购
  • 参考咨询
  • 我的图书馆
  • 登录
  • 详细信息显示
  • 放入我的书架
  • 预约/预借图书
  • 作者相关作品
  • 分类相关作品
  • 丛书相关作品
  • 出版社相关作品

书目信息

  • 表格格式
  • 工作单格式
  • 卡片格式
题名:
跳远
    
 
作者: 刘小沙 著
分册:  
出版信息: 天津   天津人民美术出版社  2016
页数: 128页
开本: 23cm
丛书名: 图说全民健身体育运动丛书
单 册:
中图分类: G823.3-64
科图分类:
主题词: 跳远--tiao yuan--图解
电子资源:
ISBN: 978-7-5305-7769-1
000 01107nam 2200289 450
001 012001003770
005 20131014113733.0
010    @a978-7-5305-7769-1@dCNY28.80
099    @aCAL 012017143540
100    @a20170630d2016 em y0chiy50 ea
101 0  @achi
102    @aCN@b120000
105    @aa z 000yy
106    @ar
200 1  @a跳远@Atiao yuan@f刘小沙著
210    @a天津@c天津人民美术出版社@d2016
215    @a128页@c彩图@d23cm
225 2  @a图说全民健身体育运动丛书@Atu shuo quan min jian shen ti yu yun dong cong shu
312    @a封面其他题名: 最实用的跳远运动书
330    @a本书遵循体育课程建设的客观规律, 将体育文化、健康理念纳入其中, 深入浅出地为读者介绍了跳远运动的起源与发展开始, 对跳远运动的场地设施、竞赛规则、战术技术、裁判标准、赛事组织及体坛明星等内容都做了简洁而全面的介绍。
410  0 @12001 @a图说全民健身体育运动丛书
517 1  @a最实用的跳远运动书@Azui shi yong de tiao yuan yun dong shu
606 0  @a跳远@Atiao yuan@j图解
690    @aG823.3-64@v5
701  0 @a刘小沙@ALiu Xiaosha@4著
801    @b江苏凤凰@c20191020
905    @b1233873-8@dG823.3-64@e168@f6
    
    跳远/刘小沙著.-天津:天津人民美术出版社,2016
    128页:彩图;23cm.-(图说全民健身体育运动丛书)
    
    
    ISBN 978-7-5305-7769-1:CNY28.80
    本书遵循体育课程建设的客观规律, 将体育文化、健康理念纳入其中, 深入浅出地为读者介绍了跳远运动的起源与发展开始, 对跳远运动的场地设施、竞赛规则、战术技术、裁判标准、赛事组织及体坛明星等内容都做了简洁而全面的介绍。
●
相关链接 在E读中查询图书 在五车中查询图书 在当当中查询图书 在豆瓣中查询图书


正题名:跳远     索取号:G823.3-64/168         预约/预借

序号 登录号 条形码 馆藏地/架位号 状态 备注
1 1233873   212338736   第一样本阅览室/ [索取号:G823.3-64/168] 在馆    
2 1233874   212338745   第四借阅区/ [索取号:G823.3-64/168] 在馆    
3 1233875   212338754   第四借阅区/ [索取号:G823.3-64/168] 在馆    
4 1233876   212338763   教育系资料室/ [索取号:G823.3-64/168] 在馆    
5 1233877   212338772   教育系资料室/ [索取号:G823.3-64/168] 在馆    
6 1233878   212338781   教育系资料室/ [索取号:G823.3-64/168] 在馆    
唐山师范学院图书馆 欢迎您!
大连网信软件有限公司© 版权所有